000 00908nam a2200265 a 4500
001 13280
003 BD-JhCC
005 20230808101411.0
008 230726s20192022bg a|||| ||a| 000 0 ben d
020 _a9789848046760
035 _a(BD-JhCC)13280
040 _aBD-JhCC
_dBD-JhCC
041 _abengali
082 _a398.20956
_bSEJ 2022
100 _aসেজুতি, নাবিলা নোশিন
245 _aমহাপ্লাবন /
_cনাবিলা নোশিন সেজুতি, সম্পা: আবু তাসমিয়া আহমদ রফিক।
260 _aDhaka :
_b ‍sean publication;
_c2022.
300 _a38 p. :
_bill;
_c17 cm.
490 _aLevel-3
504 _aIncludes Bibliography.
650 _aJuvenile Literature
650 _aIslamic story
700 _aরফিক, আবু তাসমিয়া আহমদ
942 _2ddc
_cBK
999 _c13280
_d13280